Statistics for Movies with the Most Oscar Wins

Click here to take the quiz!

General Stats

  • This quiz has been taken 35 times
  • The average score is 11 of 41

Answer Stats

YearNumber of
Oscar Wins
Movie% Correct
199711Titanic
89%
200311The Lord of the Rings,
The Return of the King
70%
195911Ben-Hur
63%
19398Gone with the Wind
63%
20237Oppenheimer
59%
19946Forrest Gump
52%
19746The Godfather Part II
52%
20227Everything Everywhere All at Once
41%
19776Star Wars
37%
19907Dances with Wolves
33%
19828Gandhi
33%
19937Schindler's List
33%
19969The English Patient
33%
196110West Side Story
33%
19848Amadeus
30%
19627Lawrence of Arabia
30%
19577The Bridge on the River Kwai
30%
20088Slumdog Millionaire
26%
19589Gigi
22%
20166La La Land
22%
19548On the Waterfront
22%
19879The Last Emperor
22%
19737The Sting
22%
19506All About Eve
19%
19426Mrs. Miniver
19%
19987Shakespeare in Love
19%
19467The Best Years of Our Lives
19%
19728Cabaret
15%
20026Chicago
15%
19538From Here to Eternity
15%
19447Going my way
15%
19648My Fair Lady
15%
20096The Hurt Locker
15%
19516An American in Paris
11%
20137Gravity
11%
19857Out of Africa
11%
19666A Man for All Seasons
7%
20156Mad Max, Fury Road
7%
20216Dune
4%
19516A Place in the Sun
0%
19707Patton, A Salute to a Rebel
0%

Score Distribution

Percentile by Number Answered

Percent of People with Each Score

Your Score History

You have not taken this quiz